| 000 | 00669cam a2200205u 4500 | ||
|---|---|---|---|
| 001 | 000018162 | ||
| 005 | 20200929165400.0 | ||
| 008 | 810903s1909 nyua 000 f eng | ||
| 040 |
_aDO-SdBNP _cCarP _dDLC _dBNPHU |
||
| 082 |
_a813.5 _bW947c |
||
| 100 | 1 |
_aWright, Harold Bell, _d1872-1944. _939135 |
|
| 245 | 1 | 4 |
_aThe calling of Dan Matthews / _cHarold Bell Wright ; ilustraciones Arthur I. Keller. |
| 260 |
_aNew York : _bA. L. Burt co., _c1909. |
||
| 300 |
_a361 p. : _bil. ; _c20 cm. |
||
| 650 | 4 |
_aNovela estadounidense _9262 |
|
| 650 | 4 |
_aLiteratura estadounidense _9263 |
|
| 700 | 1 |
_aKeller, Arthur I. _939355 |
|
| 910 | _aCatalogación derivada | ||
| 049 | _aBNGR | ||
| 999 |
_c17683 _d17683 |
||